Normal view MARC view
  • Hinduism / Yoga / Indian religious

Entry Topical Term

Number of records used in: 1

001 - CONTROL NUMBER

  • control field: 9015

003 - CONTROL NUMBER IDENTIFIER

  • control field: JRU

005 - DATE AND TIME OF LATEST TRANSACTION

  • control field: 20260425115410.0

008 - FIXED-LENGTH DATA ELEMENTS

  • fixed length control field: 260425|| aca||aabn | a|a d

040 ## - CATALOGING SOURCE

  • Original cataloging agency: JRU
  • Transcribing agency: JRU

150 ## - HEADING--TOPICAL TERM

  • Topical term or geographic name as entry element: Hinduism / Yoga / Indian religious

670 ## - SOURCE DATA FOUND

  • Source citation: Work cat.: (JRU)9120: Balkrishna, Acharya 9014, Vichar Kranti, 2025